Joueurs qui ont gagné la Ligue 1 avec l'OL - Mort subite - Statistiques

Statistiques générales
  • Ce quiz a été pris 449 fois
  • Le résultat moyen est 6 sur 17
Answers on the Grid
Answers color-coded by a green-red scale on the quiz's grid according to % correct below.
Hugo Lloris
Sidney Govou
Juninho
Lisandro Lopez
Gregory Coupet
Jean II Makoun
Ederson
Kader Keita
Jeremy Toulalan
Alexandre Lacazette
Karim Benzema
Mathieu Bodmer
Kim Kallstrom
Corentin Tolisso
Cris
Michel Bastos
Christophe Jallet
Cesar Delgado
Miralem Pjanić
Bafetimbi Gomis
Fabio Grosso
Claudio Caçapa
Yohan Gourcuff
Edmilson
Sonny Anderson
Peguy Luyindula
Florent Malouda
Florian Maurice
Alain Caveglia
Alou Diarra
 
Statistiques - réponses
Réponse % Correct
Juninho
86%
Sidney Govou
82%
Gregory Coupet
57%
Karim Benzema
41%
Cris
38%
Sonny Anderson
33%
Florent Malouda
30%
Kim Kallstrom
28%
Claudio Caçapa
26%
Fabio Grosso
25%
Jeremy Toulalan
25%
Peguy Luyindula
19%
Alou Diarra
18%
Edmilson
16%
Kader Keita
13%
Mathieu Bodmer
12%
Cesar Delgado
9%
Aucun quiz correspondant
Distribution des résultats
% des personnes avec chaque résultat
Percentile par nombre de réponses
Votre historique - résultats
Vous n’avez pas pris ce quiz